000 00408nam a2200157Ia 4500
003 Ost
005 20260225132559.0
008 260225s9999||||xx |||||||||||||| ||und||
040 _cfsic
041 _afre
082 _a70.44
100 _alaurence calandri
_eAuteur
245 0 _arecherche sur la notion de régulation en droit administratif francaises /
245 0 _claurence calandri
942 _cكتاب
999 _c34676
_d34676